[Event "Olomoucke sachove leto Open senioru"]
[Site "Olomouc"]
[Date "2015.08.15"]
[Round "1.2"]
[White "Kearsley, Raymond"]
[Black "Hermansen, Henning W"]
[Result "0-1"]
[WhiteElo "1730"]
[BlackElo "1989"]
[PlyCount "84"]
[EventDate "2015.08.15"]

1. e4 c6 2. d4 d5 3. Nc3 dxe4 4. Bc4 Nf6 5. f3 Bf5 6. fxe4 Nxe4 7. Qf3 Nd6 8.
Bb3 e6 9. Bf4 Qh4+ 10. g3 Qg4 11. Qe3 Qg6 12. O-O-O Ne4 13. Nf3 Nxc3 14. Qxc3
Nd7 15. Qa5 Bg4 16. Rhf1 Qh5 17. Qc3 Bxf3 18. Rxf3 Be7 19. Qe3 Nf6 20. c4 O-O
21. Rd2 Rfd8 22. Rf1 b5 23. c5 Nd5 24. Bxd5 Rxd5 25. Be5 Bg5 26. Bf4 Bf6 27.
Qe4 Rad8 28. Rfd1 Qg4 29. Qe3 Qf5 30. Bd6 Bg5 31. Bf4 Bxf4 32. gxf4 g6 33. Re1
a5 34. Qe4 Qf6 35. Red1 R8d7 36. Qe3 Qd8 37. Qe4 Qc7 38. Qe3 Rf5 39. Rf2 Rd8
40. Qe4 Qd7 41. Rfd2 Qd5 42. Qb1 Rxf4 0-1

[Event "Olomoucke sachove leto Open senioru"]
[Site "Olomouc"]
[Date "2015.08.15"]
[Round "1.3"]
[White "Kolmas, Oldrich"]
[Black "Collins, Alan"]
[Result "1/2-1/2"]
[WhiteElo "1949"]
[BlackElo "1708"]
[PlyCount "47"]
[EventDate "2015.08.15"]

1. e4 d6 2. d4 Nf6 3. Nc3 c6 4. Nf3 Bg4 5. Be2 e6 6. O-O Be7 7. h3 Bxf3 8. Bxf3
d5 9. e5 Nfd7 10. Be2 c5 11. Be3 cxd4 12. Bxd4 Nc6 13. a3 Nxd4 14. Qxd4 O-O 15.
Kh1 Qb6 16. Qxb6 Nxb6 17. f4 g6 18. Bd3 a6 19. Ne2 Nd7 20. b4 Rfc8 21. Rac1 a5
22. Rb1 axb4 23. axb4 Nb6 24. b5 1/2-1/2

[Event "Olomoucke sachove leto Open senioru"]
[Site "Olomouc"]
[Date "2015.08.15"]
[Round "1.5"]
[White "Zdrazil, Bohumir"]
[Black "Plachy, Josef"]
[Result "1-0"]
[WhiteElo "1933"]
[BlackElo "1679"]
[PlyCount "115"]
[EventDate "2015.08.15"]

1. d4 Nf6 2. Nf3 g6 3. c4 Bg7 4. Nc3 O-O 5. e4 d6 6. h3 Re8 7. Be3 Nbd7 8. Be2
e5 9. d5 h6 10. Nh2 Nh7 11. Ng4 h5 12. Nh6+ Bxh6 13. Bxh6 Ndf6 14. Be3 Kg7 15.
g4 hxg4 16. hxg4 g5 17. f3 Rh8 18. Qd2 Ng8 19. O-O-O f6 20. c5 Ne7 21. Kb1 Ng6
22. cxd6 cxd6 23. Rc1 Bd7 24. Nb5 Bxb5 25. Bxb5 a6 26. Bd3 Nf4 27. Rc2 Qd7 28.
Rhc1 Rhc8 29. Bb6 Rxc2 30. Qxc2 Nxd3 31. Qxd3 Rc8 32. Rc3 Kf7 33. Rb3 Nf8 34.
Qe2 Ng6 35. Qh2 Rh8 36. Qd2 Nf4 37. a3 Rc8 38. Qa5 Ne2 39. Be3 Qc7 40. Qd2 Nf4
41. Rb6 Rh8 42. Qb4 Rh1+ 43. Ka2 Kg6 44. Qb3 Ne2 45. Qb4 Nc1+ 46. Bxc1 Qxc1 47.
Qc3 Qb1+ 48. Kb3 Rd1 49. Ka4 Rd4+ 50. Ka5 Qd1 51. Rb4 Rxb4 52. Qxb4 Qxf3 53.
Qxd6 Qxe4 54. Qe6 Qc4 55. Qf5+ Kg7 56. Qd7+ Kh6 57. Qxb7 Qxg4 58. d6 1-0

[Event "Olomoucke sachove leto GM1"]
[Site "Olomouc"]
[Date "2015.08.16"]
[Round "2.1"]
[White "Repka, Christopher"]
[Black "Ivanov, Mikhail M"]
[Result "0-1"]
[WhiteElo "2450"]
[BlackElo "2408"]
[PlyCount "74"]
[EventDate "2015.??.??"]

1. Nf3 c5 2. b3 Nf6 3. e3 g6 4. c3 Bg7 5. Ba3 Qa5 6. b4 cxb4 7. cxb4 Qb6 8. Nc3
O-O 9. Rc1 d6 10. Be2 a6 11. O-O Nc6 12. d4 Bd7 13. e4 Rfd8 14. Na4 Qa7 15. d5
Nb8 16. Nc3 Bg4 17. e5 dxe5 18. b5 Bxf3 19. Bxf3 Bf8 20. d6 exd6 21. Nd5 Nxd5
22. Bxd5 axb5 23. Rc3 Nc6 24. Bb2 Rd7 25. Ra3 Qb8 26. Qg4 Rc7 27. Rh3 Ra4 28.
f4 Qd8 29. Qg3 Rxf4 30. Rxf4 exf4 31. Qxf4 Ne5 32. Rb3 Bg7 33. Qe4 Qg5 34. Rxb5
Qd2 35. Bb3 Nf3+ 36. Qxf3 Bxb2 37. h4 Qe1+ 0-1

[Event "Olomoucke sachove leto GM1"]
[Site "Olomouc"]
[Date "2015.08.16"]
[Round "2.2"]
[White "Simacek, Pavel"]
[Black "Plat, Vojtech"]
[Result "1/2-1/2"]
[WhiteElo "2461"]
[BlackElo "2458"]
[PlyCount "100"]
[EventDate "2015.??.??"]

1. e4 d6 2. d4 Nf6 3. Nc3 e5 4. dxe5 dxe5 5. Qxd8+ Kxd8 6. Bg5 Be6 7. f4 exf4
8. Nf3 Kc8 9. O-O-O Nbd7 10. Bxf4 Bc5 11. Be2 Ng4 12. Rd2 f6 13. Nd4 Bxd4 14.
Rxd4 Nge5 15. Nd5 c6 16. Ne7+ Kc7 17. Nf5 Rhg8 18. Rhd1 Rad8 19. Rd6 Bxf5 20.
exf5 Nc5 21. R6d4 Rxd4 22. Rxd4 Re8 23. b4 Na4 24. Bc4 Re7 25. Be6 Nc3 26. Kd2
Nb1+ 27. Kc1 Nc3 28. Kd2 Nb1+ 29. Ke3 Na3 30. Ke4 Nxc2 31. Rc4 Na3 32. Rc1 Nb5
33. Bxe5+ fxe5 34. Kxe5 Nd6 35. g4 h6 36. h4 Re8 37. Rd1 Nf7+ 38. Kf4 Nd6 39.
Ke5 Nf7+ 40. Kf4 Nd6 41. g5 hxg5+ 42. hxg5 g6 43. Rh1 Nxf5 44. Bxf5 Rf8 45. Rh6
Rxf5+ 46. Kg4 Rb5 47. a3 a5 48. Rxg6 axb4 49. axb4 Rxb4+ 50. Kf5 Rb1 1/2-1/2

[Event "Olomoucke sachove leto GM1"]
[Site "Olomouc"]
[Date "2015.08.16"]
[Round "2.3"]
[White "Zilka, Stepan"]
[Black "Yagupov, Igor"]
[Result "1/2-1/2"]
[WhiteElo "2508"]
[BlackElo "2348"]
[PlyCount "109"]
[EventDate "2015.??.??"]

1. d4 d5 2. c4 c6 3. Nf3 Nf6 4. Nc3 e6 5. Bg5 Nbd7 6. cxd5 exd5 7. e3 Be7 8.
Bd3 Ne4 9. Bf4 f5 10. O-O O-O 11. Ne5 Nxe5 12. Bxe5 Be6 13. f3 Nxc3 14. bxc3
Bd6 15. f4 c5 16. Rb1 Rf7 17. Qa4 c4 18. Be2 a6 19. Bxd6 Qxd6 20. Qa5 b5 21.
Rxb5 axb5 22. Qxa8+ Rf8 23. Qa5 Bd7 24. Bf3 Bc6 25. a3 Ra8 26. Qb4 Qxb4 27.
axb4 Ra2 28. Rc1 Kf7 29. h4 Kf6 30. h5 g6 31. hxg6 hxg6 32. Kh2 g5 33. fxg5+
Kxg5 34. Kg3 Ra3 35. Rc2 Ra1 36. Kf2 Kh4 37. g3+ Kg5 38. Ke2 Bb7 39. Kd2 Bc6
40. Rc1 Ra2+ 41. Ke1 Bb7 42. Bd1 Bc6 43. Bc2 Ra8 44. Kd2 Rh8 45. Rf1 Rh2+ 46.
Kc1 Bd7 47. Bd1 Be6 48. Bf3 Ra2 49. Bd1 Rh2 50. Rg1 Bd7 51. Bf3 Be6 52. Re1 Rf2
53. Be2 Bf7 54. Kd1 Bh5 55. Bxh5 1/2-1/2

[Event "Olomoucke sachove leto GM1"]
[Site "Olomouc"]
[Date "2015.08.16"]
[Round "2.4"]
[White "Marek, Matyas"]
[Black "Ioannidis, Evgenios"]
[Result "1-0"]
[WhiteElo "2344"]
[BlackElo "2362"]
[PlyCount "59"]
[EventDate "2015.??.??"]

1. e4 c5 2. Nf3 d6 3. d4 cxd4 4. Nxd4 Nf6 5. Nc3 a6 6. Be3 e6 7. Be2 Be7 8. f4
Qc7 9. g4 Nc6 10. g5 Nd7 11. h4 Na5 12. Qd2 b5 13. a3 Nc4 14. Bxc4 Qxc4 15.
O-O-O Bb7 16. h5 Rc8 17. g6 fxg6 18. hxg6 h5 19. f5 Nc5 20. Nxe6 Nxe6 21. fxe6
Bxe4 22. Nxe4 Qxe4 23. c3 O-O 24. Rxh5 Qxg6 25. Qd5 Qg3 26. Bd4 Rc5 27. Bxc5
dxc5 28. Rdh1 g6 29. Rh8+ Kg7 30. R1h7+ 1-0

[Event "Olomoucke sachove leto GM1"]
[Site "Olomouc"]
[Date "2015.08.16"]
[Round "2.5"]
[White "Nguyen, Thai Dai Van"]
[Black "Rasik, Vitezslav"]
[Result "0-1"]
[WhiteElo "2364"]
[BlackElo "2446"]
[PlyCount "92"]
[EventDate "2015.??.??"]

1. e4 d6 2. d4 g6 3. Nf3 Nf6 4. Nc3 Bg7 5. Be2 O-O 6. O-O e6 7. h3 Nc6 8. Be3
h6 9. Qd2 Kh7 10. Rad1 b6 11. d5 exd5 12. exd5 Ne7 13. Bc4 Bb7 14. a4 a6 15. b4
Nf5 16. Nd4 Nxe3 17. Qxe3 Re8 18. Qd3 Nd7 19. f4 Qf6 20. Nce2 Qe7 21. f5 Ne5
22. fxg6+ fxg6 23. Qb3 Nxc4 24. Qxc4 b5 25. axb5 axb5 26. Qb3 Qe4 27. Nxb5 Qxe2
28. Nxc7 Re3 29. Rde1 Qxe1 30. Rxe1 Rxb3 31. cxb3 Ra1 32. Rxa1 Bxa1 33. Kf2
Bd4+ 34. Ke2 Kg8 35. Kd3 Bb6 36. Ne8 Kf8 37. Nxd6 Bxd5 38. Nc4 Bg1 39. g4 Ke7
40. b5 Ke6 41. h4 Bxc4+ 42. bxc4 Ke5 43. Kc3 Bc5 44. Kd2 Kf4 45. Kd3 g5 46. h5
Kf3 0-1

[Event "Olomoucke sachove leto GM2"]
[Site "Olomouc"]
[Date "2015.08.16"]
[Round "2.1"]
[White "Madan, Augustin"]
[Black "Camarena Gimenez, Rufino"]
[Result "0-1"]
[WhiteElo "2296"]
[BlackElo "2378"]
[PlyCount "56"]
[EventDate "2015.??.??"]

1. d4 Nf6 2. Nc3 d5 3. Bf4 e6 4. e3 Bb4 5. Bd3 c5 6. dxc5 Nbd7 7. Nf3 Nxc5 8.
O-O O-O 9. Nb5 Nxd3 10. cxd3 Bd7 11. Qb3 Bxb5 12. Qxb4 Bxd3 13. Rfc1 Ba6 14.
Bc7 Qd7 15. a4 Rfc8 16. Ne5 Qe8 17. b3 Nd7 18. f4 Nf6 19. Rc2 Ne4 20. Rac1 f6
21. Nf3 Bd3 22. Nd4 Bxc2 23. Rxc2 b6 24. f5 e5 25. Ne6 Qh5 26. Rc1 Qxf5 27. Qe7
Rxc7 28. Nxc7 Qf2+ 0-1

[Event "Olomoucke sachove leto GM2"]
[Site "Olomouc"]
[Date "2015.08.16"]
[Round "2.2"]
[White "Plischki, Sebastian"]
[Black "Sergeev, Vladimir"]
[Result "1/2-1/2"]
[WhiteElo "2393"]
[BlackElo "2452"]
[PlyCount "78"]
[EventDate "2015.??.??"]

1. d4 Nf6 2. c4 c6 3. Nc3 d6 4. e4 e5 5. Nf3 Nbd7 6. Be2 Be7 7. O-O O-O 8. Qc2
a6 9. Rd1 Qc7 10. Bg5 b5 11. a3 Bb7 12. Rac1 Rac8 13. Qb1 Qb8 14. cxb5 cxb5 15.
dxe5 Nxe5 16. Nxe5 dxe5 17. g3 Rfe8 18. Bxf6 Bxf6 19. Nd5 Bg5 20. Rxc8 Rxc8 21.
h4 Bxd5 22. exd5 Be7 23. Rc1 Bc5 24. Bg4 Rc7 25. b4 Bb6 26. Rc6 Rxc6 27. dxc6
g6 28. Qc2 h5 29. Be2 e4 30. Kg2 Qe5 31. Bd1 Qd4 32. Qe2 Qd5 33. Qc2 Qd6 34.
Be2 e3 35. f4 Kf8 36. Bf3 Ke7 37. Kf1 f5 38. Ke2 Kd8 39. Qd3 Kc7 1/2-1/2

[Event "Olomoucke sachove leto GM2"]
[Site "Olomouc"]
[Date "2015.08.16"]
[Round "2.3"]
[White "Rydl, Jiri"]
[Black "Cernousek, Lukas"]
[Result "1-0"]
[WhiteElo "2419"]
[BlackElo "2458"]
[PlyCount "77"]
[EventDate "2015.??.??"]

1. c4 c6 2. Nf3 d5 3. b3 dxc4 4. bxc4 e5 5. Nc3 Nf6 6. Nxe5 Qd4 7. Nf3 Qxc4 8.
e3 Qg4 9. Qb3 Nbd7 10. d4 b5 11. Be2 Qe6 12. Qxe6+ fxe6 13. O-O b4 14. Na4 Bd6
15. a3 a5 16. Bb2 Ba6 17. Rfe1 Ne4 18. Bxa6 Rxa6 19. Red1 Ke7 20. Ne1 e5 21.
dxe5 Nxe5 22. Rxd6 Nxd6 23. Bxe5 Nc4 24. Bxg7 Rd8 25. Bd4 Nxa3 26. Rc1 Nb5 27.
Nf3 Rd5 28. Kf1 Kd6 29. Ke2 Kc7 30. Be5+ Kc8 31. Bb2 Kc7 32. Nd4 Nxd4+ 33. Bxd4
Rb5 34. f4 Ra8 35. e4 b3 36. Rc4 Rb4 37. Kd3 Rd8 38. Rxb4 axb4 39. Kc4 1-0

[Event "Olomoucke sachove leto GM2"]
[Site "Olomouc"]
[Date "2015.08.16"]
[Round "2.4"]
[White "Cerveny, Martin"]
[Black "Teske, Henrik"]
[Result "1/2-1/2"]
[WhiteElo "2399"]
[BlackElo "2475"]
[PlyCount "111"]
[EventDate "2015.??.??"]

1. d4 e6 2. Nf3 c5 3. c4 cxd4 4. Qxd4 Nc6 5. Qf4 Nf6 6. Nc3 d5 7. Bd2 Bd6 8.
Qh4 Be7 9. cxd5 Nxd5 10. Qa4 Bf6 11. e4 Nxc3 12. Bxc3 Bxc3+ 13. bxc3 O-O 14.
Bb5 Na5 15. Rd1 Qc7 16. O-O a6 17. Be2 b5 18. Qb4 Bb7 19. a4 bxa4 20. Qxa4 Bc6
21. Qb4 Rfb8 22. Qc5 Nb3 23. Qe3 a5 24. Rb1 a4 25. Bc4 Bb5 26. Bxb5 Rxb5 27.
Nd4 Rb7 28. g3 h6 29. Nxb3 axb3 30. Rb2 Qc4 31. Kg2 Rd8 32. Ra1 Rd3 33. Ra8+
Kh7 34. Rc8 Qb5 35. Qc5 Rdd7 36. Qxb5 Rxb5 37. Rc4 Rdb7 38. Kf3 Kg6 39. Ke3 f5
40. f4 fxe4 41. Kxe4 Kf6 42. h4 g5 43. hxg5+ hxg5 44. Ra4 Rc5 45. c4 gxf4 46.
gxf4 Rh5 47. Ra1 Rh3 48. Rc1 Rd7 49. Re2 Rdd3 50. Rh1 Ke7 51. Rxh3 Rxh3 52. Rd2
Rc3 53. Kd4 Rf3 54. Ke4 Rc3 55. Kd4 Rf3 56. Ke4 1/2-1/2

[Event "Olomoucke sachove leto GM2"]
[Site "Olomouc"]
[Date "2015.08.16"]
[Round "2.5"]
[White "Kourousis, Epaminondas"]
[Black "Neuman, Petr"]
[Result "1/2-1/2"]
[WhiteElo "2421"]
[BlackElo "2464"]
[PlyCount "102"]
[EventDate "2015.??.??"]

1. d4 d5 2. c4 c6 3. Nf3 Nf6 4. Nc3 a6 5. a4 e6 6. g3 dxc4 7. Bg2 c5 8. O-O Nc6
9. Ne5 Na5 10. dxc5 Qxd1 11. Rxd1 Bxc5 12. Bf4 h6 13. Ne4 Nxe4 14. Bxe4 g5 15.
Bd2 Nb3 16. Rab1 Nxd2 17. Rxd2 Bb4 18. Rd4 Bc5 19. Rd2 Bb4 20. Rc2 f5 21. Bf3
g4 22. Bg2 Rh7 23. Nxc4 Rc7 24. Rbc1 Rb8 25. Nd6+ Bxd6 26. Rxc7 Bxc7 27. Rxc7
Bd7 28. Rxb7 Rxb7 29. Bxb7 a5 30. b3 Ke7 31. Kf1 Kd6 32. Ke1 Kc5 33. Kd2 Kb4
34. Kc2 Be8 35. Ba6 e5 36. Bc4 Bxa4 37. Be6 Bb5 38. e3 Bc6 39. Bxf5 Bd5 40.
Bxg4 Bxb3+ 41. Kb2 a4 42. Bf5 a3+ 43. Ka1 Kc3 44. g4 Kd2 45. h4 Ke2 46. g5 hxg5
47. hxg5 Kxf2 48. g6 Kxe3 49. Bb1 Kf4 50. Ba2 Kg5 51. g7 Kf6 1/2-1/2

[Event "Olomoucke sachove leto IM"]
[Site "Olomouc"]
[Date "2015.08.16"]
[Round "2.2"]
[White "Jurek, Josef"]
[Black "Ovchinnikov, Vsevolod"]
[Result "0-1"]
[WhiteElo "2285"]
[BlackElo "2224"]
[PlyCount "157"]
[EventDate "2015.??.??"]

1. c4 Nf6 2. Nc3 c5 3. g3 e6 4. Nf3 b6 5. Bg2 Bb7 6. O-O Be7 7. d4 cxd4 8. Qxd4
d6 9. Bg5 O-O 10. Rfd1 h6 11. Bxf6 Bxf6 12. Qxd6 Qxd6 13. Rxd6 Na6 14. Rad1
Rfc8 15. Nb5 Nc5 16. b4 Ne4 17. Rd7 Bc6 18. R7d3 Bxb5 19. cxb5 Nc3 20. R1d2
Nxb5 21. h4 Rc1+ 22. Kh2 Rac8 23. a4 Nc3 24. Nd4 Nxa4 25. Nb5 a6 26. Nd6 R8c2
27. Ne4 Rxd2 28. Nxf6+ gxf6 29. Rxd2 Rc4 30. Rd8+ Kg7 31. Ra8 Rxb4 32. Rxa6 Nc3
33. Bf3 Kg6 34. Ra8 f5 35. Rg8+ Kf6 36. Bh5 Ne4 37. Kg2 Rb2 38. Rd8 Rd2 39. Rb8
Rb2 40. Rd8 Ke7 41. Rh8 Nf6 42. Rxh6 Rd2 43. Rh8 e5 44. e3 b5 45. Kf1 b4 46.
Ke1 Ra2 47. Bd1 Ne4 48. Rb8 Nxf2 49. Be2 Ne4 50. Bc4 Ra1+ 51. Ke2 Nxg3+ 52. Kd3
Rd1+ 53. Kc2 Re1 54. Kd2 Rh1 55. Rxb4 Ne4+ 56. Kc2 Rh2+ 57. Kc1 Nd6 58. Bb3 e4
59. Ra4 Rxh4 60. Ra7+ Kf8 61. Ra8+ Kg7 62. Rd8 Rh6 63. Kd2 Nb7 64. Rb8 Rd6+ 65.
Ke2 Nc5 66. Bc4 Nd7 67. Rd8 Kf6 68. Bb5 Ke7 69. Ra8 Ne5 70. Ra7+ Kf6 71. Be8
Rb6 72. Ra2 Rb8 73. Ra6+ Kg5 74. Ba4 Rb2+ 75. Kf1 Ng4 76. Bd7 Nxe3+ 77. Ke1 f4
78. Ra5+ f5 79. Ra3 0-1

[Event "Olomoucke sachove leto IM"]
[Site "Olomouc"]
[Date "2015.08.16"]
[Round "2.3"]
[White "Malik, Jan"]
[Black "Shevchenko, Kirill"]
[Result "1-0"]
[WhiteElo "2305"]
[BlackElo "2265"]
[PlyCount "59"]
[EventDate "2015.??.??"]

1. e4 c5 2. Nf3 d6 3. d4 cxd4 4. Nxd4 Nf6 5. Nc3 a6 6. Bc4 e6 7. O-O b5 8. Bb3
Be7 9. Qf3 Qc7 10. Qg3 O-O 11. a3 Kh8 12. Re1 Nc6 13. Nxc6 Qxc6 14. Bg5 Bb7 15.
Rad1 Nh5 16. Qh4 Bxg5 17. Qxg5 Nf6 18. Re3 Rad8 19. Rg3 Rg8 20. e5 Ne4 21. Nxe4
Qxe4 22. Re3 Qc6 23. Rd4 Rgf8 24. Rg3 g6 25. Qf6+ Kg8 26. Rh4 dxe5 27. Rxg6+
fxg6 28. Bxe6+ Qxe6 29. Qxe6+ Rf7 30. h3 1-0

[Event "Olomoucke sachove leto IM"]
[Site "Olomouc"]
[Date "2015.08.16"]
[Round "2.4"]
[White "Soural, Jan"]
[Black "Biolek, Richard"]
[Result "1/2-1/2"]
[WhiteElo "2215"]
[BlackElo "2447"]
[PlyCount "115"]
[EventDate "2015.??.??"]

1. d4 e6 2. c4 f5 3. Nc3 Nf6 4. e3 b6 5. Bd3 Bb7 6. f3 c5 7. Nge2 g6 8. O-O Bg7
9. Bd2 O-O 10. d5 e5 11. h3 Qe7 12. Bc2 Ne8 13. a4 a5 14. Qe1 Na6 15. Rd1 Nb4
16. Bb1 Nd6 17. b3 Ba6 18. e4 f4 19. Nb5 Bxb5 20. axb5 Bf6 21. Rc1 Bh4 22. Qd1
Nf7 23. Nc3 d6 24. Na4 Rab8 25. Be1 h5 26. Bxh4 Qxh4 27. Rf2 Nh6 28. Kf1 g5 29.
Ke2 Kg7 30. Rf1 g4 31. hxg4 hxg4 32. Qe1 Qg5 33. Rh1 Rh8 34. Qh4 Qg6 35. Rcg1
Rb7 36. Qh5 Nf7 37. Qxg6+ Kxg6 38. Rxh8 Nxh8 39. Rh1 gxf3+ 40. gxf3 Nf7 41. Kf2
Rb8 42. Rg1+ Kf6 43. Rh1 Kg6 44. Rg1+ Ng5 45. Rh1 Nh7 46. Rg1+ Kf7 47. Rh1 Nf6
48. Rh6 Kg7 49. Rh1 Nd7 50. Rh2 Rf8 51. Rh1 Rf6 52. Rh2 Kf8 53. Rh8+ Ke7 54.
Rh7+ Kd8 55. Rh8+ Kc7 56. Rh7 Kc8 57. Rh8+ Kc7 58. Rh7 1/2-1/2

[Event "Olomoucke sachove leto IM"]
[Site "Olomouc"]
[Date "2015.08.16"]
[Round "2.5"]
[White "Bures, Jaroslav"]
[Black "Kozusek, Daniel"]
[Result "1/2-1/2"]
[WhiteElo "2384"]
[BlackElo "2347"]
[PlyCount "86"]
[EventDate "2015.??.??"]

1. Nf3 d5 2. c4 d4 3. g3 Nc6 4. Bg2 e5 5. O-O Nf6 6. b4 e4 7. Ng5 Bf5 8. b5 Ne5
9. d3 Qd7 10. dxe4 Bg6 11. Bf4 h6 12. Bxe5 hxg5 13. Qxd4 Qxd4 14. Bxd4 Bxe4 15.
Nc3 Bxg2 16. Kxg2 O-O-O 17. Rad1 Be7 18. e4 b6 19. Nd5 Nxd5 20. cxd5 f6 21. Rh1
Bd6 22. h4 gxh4 23. Rxh4 Rxh4 24. gxh4 Kd7 25. Kf3 a6 26. bxa6 Ke7 27. Rg1 Kf7
28. Be3 Ra8 29. Bf4 Rxa6 30. Bxd6 cxd6 31. Rb1 f5 32. exf5 Kf6 33. Kg4 Rxa2 34.
Rxb6 Ke5 35. f4+ Kxd5 36. Rb7 Rg2+ 37. Kf3 Rg1 38. h5 Rf1+ 39. Ke3 Rh1 40. Kf3
Rxh5 41. Rxg7 Rxf5 42. Rg5 Rxg5 43. fxg5 Ke5 1/2-1/2

[Event "Olomoucke sachove leto Open Olomouc"]
[Site "Olomouc"]
[Date "2015.08.16"]
[Round "2.1"]
[White "Horak, Martin"]
[Black "Krejci, Jan"]
[Result "0-1"]
[WhiteElo "2019"]
[BlackElo "2506"]
[PlyCount "52"]
[EventDate "2015.08.15"]

1. d4 Nf6 2. Nf3 e6 3. c4 d5 4. Bg5 c6 5. cxd5 exd5 6. Nc3 Bf5 7. e3 Nbd7 8.
Nh4 Be6 9. Bd3 h6 10. Bxf6 Nxf6 11. Nf5 g6 12. Ng3 h5 13. Nge2 Bd6 14. Qc2 Qc7
15. a3 a6 16. Na4 h4 17. b4 h3 18. g3 Bg4 19. Ng1 Qe7 20. Nc5 Kf8 21. Kd2 a5
22. Qc3 axb4 23. Qxb4 Kg7 24. f3 Bc8 25. e4 dxe4 26. fxe4 Nxe4+ 0-1

[Event "Olomoucke sachove leto Open Olomouc"]
[Site "Olomouc"]
[Date "2015.08.16"]
[Round "2.2"]
[White "Studnicka, Tomas"]
[Black "Ortoft, Kai"]
[Result "1-0"]
[WhiteElo "2383"]
[BlackElo "2032"]
[PlyCount "85"]
[EventDate "2015.08.15"]

1. d4 Nf6 2. c4 d6 3. Nf3 Nbd7 4. Nc3 e5 5. g3 c6 6. Bg2 Be7 7. Qc2 Qc7 8. O-O
Nf8 9. Rd1 Ng6 10. b3 O-O 11. Bb2 Re8 12. Rac1 Bf8 13. d5 c5 14. e4 a6 15. Ne1
Bd7 16. Bf1 Rab8 17. Ng2 h6 18. Be2 b5 19. Nb1 Be7 20. Nd2 b4 21. Rf1 Bh3 22.
Qd3 Qd7 23. f3 Nh7 24. Rf2 Bxg2 25. Rxg2 Bf6 26. Nf1 Kf8 27. Bd1 Ne7 28. Bc2 g6
29. f4 Ng8 30. Qf3 Bg7 31. Ne3 Re7 32. Rf1 Ke8 33. h4 f6 34. h5 g5 35. Nf5 Rf7
36. fxe5 dxe5 37. Bxe5 fxe5 38. Nd6+ Kd8 39. Qxf7 Ngf6 40. Qxd7+ Kxd7 41. Nf5
Bf8 42. Ne3 g4 43. Bd1 1-0

[Event "Olomoucke sachove leto Open Olomouc"]
[Site "Olomouc"]
[Date "2015.08.16"]
[Round "2.3"]
[White "Karlik, Vladimir"]
[Black "Olsar, Robin"]
[Result "1-0"]
[WhiteElo "2251"]
[BlackElo "2019"]
[PlyCount "135"]
[EventDate "2015.08.15"]

1. d4 f5 2. Nf3 Nf6 3. Bg5 e6 4. Nbd2 Be7 5. Bxf6 Bxf6 6. e4 O-O 7. Bd3 d5 8.
exf5 exf5 9. O-O Nc6 10. c3 Qd6 11. b4 Bd7 12. Nb3 b6 13. b5 Nb8 14. c4 dxc4
15. Bxc4+ Kh8 16. Re1 c6 17. a4 a6 18. bxa6 Nxa6 19. Ne5 Be8 20. Bxa6 Rxa6 21.
Qd3 Ra7 22. Qc4 b5 23. axb5 Rxa1 24. Rxa1 cxb5 25. Qc5 Qxc5 26. Nxc5 Bxe5 27.
dxe5 Bc6 28. Ra6 Ra8 29. Rxa8+ Bxa8 30. f4 Kg8 31. Kf2 Kf7 32. g3 h6 33. Ke3
Bd5 34. Kd4 Bc4 35. Nb7 Ke6 36. Nd6 Bf1 37. Kc5 g5 38. Nxb5 gxf4 39. gxf4 Bd3
40. Nd4+ Ke7 41. Kb4 Kd7 42. Kc3 Be4 43. Kd2 Ke7 44. Ke3 Kf7 45. Kf2 Kg6 46.
Kg3 Bd5 47. Kh4 Be4 48. e6 Bd5 49. e7 Bf7 50. Nb5 Kf6 51. Nd6 Kxe7 52. Nxf5+
Kf6 53. Nxh6 Be6 54. Kg3 Kg6 55. Ng4 Bd5 56. Ne5+ Kf5 57. Nf3 Be4 58. h4 Kg6
59. Ne5+ Kh5 60. Ng4 Kg6 61. h5+ Kg7 62. Kh4 Bd3 63. Kg5 Bc2 64. f5 Kh7 65.
Nf6+ Kg7 66. Nd7 Bd3 67. f6+ Kg8 68. f7+ 1-0

[Event "Olomoucke sachove leto Open Olomouc"]
[Site "Olomouc"]
[Date "2015.08.16"]
[Round "2.4"]
[White "Pavera, Vit"]
[Black "Chkhaidze, Nikoloz"]
[Result "0-1"]
[WhiteElo "2018"]
[BlackElo "2225"]
[PlyCount "82"]
[EventDate "2015.08.15"]

1. e4 c5 2. Nc3 Nc6 3. f4 e6 4. Nf3 a6 5. g3 d5 6. d3 Nf6 7. Bg2 b5 8. O-O Be7
9. f5 d4 10. e5 dxc3 11. exf6 Bxf6 12. bxc3 O-O 13. Bg5 Bxg5 14. Nxg5 Qxg5 15.
Bxc6 Rb8 16. fxe6 Bxe6 17. Rf4 Bd5 18. Bxd5 Qxd5 19. c4 Qe5 20. Re4 Qc3 21.
cxb5 axb5 22. Rb1 f5 23. Rb3 Qa5 24. Re5 f4 25. gxf4 Rxf4 26. Re4 Rf5 27. Qe1
Rbf8 28. Re8 Rf1+ 29. Qxf1 Rxe8 30. Rb1 Re6 31. Qf3 Qxa2 32. Rf1 Rg6+ 33. Kh1
Rf6 34. Qg2 Rxf1+ 35. Qxf1 Qxc2 36. Qe1 Kf7 37. Qf1+ Ke7 38. Qe1+ Kd7 39. Qa1
Qxd3 40. Qa7+ Ke6 41. Qb6+ Kd5 0-1

[Event "Olomoucke sachove leto Open Olomouc"]
[Site "Olomouc"]
[Date "2015.08.16"]
[Round "2.5"]
[White "Kratochvil, Vit"]
[Black "Radionov, Timur"]
[Result "0-1"]
[WhiteElo "2217"]
[BlackElo "1991"]
[PlyCount "50"]
[EventDate "2015.08.15"]

1. e4 e5 2. Nf3 Nc6 3. Bc4 Bc5 4. O-O Nf6 5. d3 O-O 6. c3 d5 7. exd5 Nxd5 8. h3
Bf5 9. Re1 Nb6 10. Bb5 f6 11. a4 a6 12. Bxc6 bxc6 13. a5 Nd5 14. d4 exd4 15.
Nxd4 Qd7 16. g4 Bxd4 17. Qxd4 Rfe8 18. Be3 Re4 19. Qd1 Bxg4 20. f3 Bxf3 21.
Qxf3 Rae8 22. Nd2 Rxe3 23. Qf2 Qxh3 24. Nf1 Qg4+ 25. Kh1 Qe4+ 0-1

[Event "Olomoucke sachove leto Open Olomouc"]
[Site "Olomouc"]
[Date "2015.08.16"]
[Round "2.6"]
[White "Navratil-Jun., Jiri"]
[Black "Zhou, Guijue"]
[Result "0-1"]
[WhiteElo "1988"]
[BlackElo "2207"]
[PlyCount "74"]
[EventDate "2015.08.15"]

1. e4 c5 2. Nf3 Nc6 3. d4 cxd4 4. Nxd4 Nf6 5. Nc3 g6 6. Be3 Bg7 7. Bc4 O-O 8.
Bb3 a5 9. Ndb5 d6 10. f3 Bd7 11. O-O Ne5 12. Qe2 Bxb5 13. Qxb5 Qd7 14. a4 Rfc8
15. Bb6 Qxb5 16. axb5 Nfd7 17. Nd5 Kf8 18. Bxa5 e6 19. Ne3 Nc5 20. Bb4 Ke7 21.
Rxa8 Rxa8 22. Rd1 f5 23. f4 Ned7 24. exf5 gxf5 25. Nc4 Ne4 26. Nxd6 Bd4+ 27.
Kf1 Bc5 28. Nxe4 Bxb4 29. Ng5 Nc5 30. Bc4 h6 31. Nf3 Ne4 32. Nd4 Nd2+ 33. Rxd2
Bxd2 34. Nxe6 Ra4 35. Bb3 Rb4 36. Nc7 Kd6 37. Nd5 Rxb3 0-1

[Event "Olomoucke sachove leto Open Olomouc"]
[Site "Olomouc"]
[Date "2015.08.16"]
[Round "2.7"]
[White "Houzva, Viktor"]
[Black "Havelka, Jan"]
[Result "1/2-1/2"]
[WhiteElo "1976"]
[BlackElo "2178"]
[PlyCount "96"]
[EventDate "2015.08.15"]

1. e4 e6 2. d4 c5 3. c3 d5 4. exd5 exd5 5. Nf3 Nf6 6. Be2 Nc6 7. O-O Be7 8. Be3
c4 9. b3 cxb3 10. axb3 O-O 11. Na3 Ne4 12. Nb5 a6 13. Nd2 Bf5 14. Nxe4 Bxe4 15.
Na3 Bd6 16. Bf3 Re8 17. Nc2 Qf6 18. Bxe4 Rxe4 19. Ne1 Rae8 20. Nf3 Bf4 21. Bxf4
Qxf4 22. Qd3 g6 23. Rfe1 Qf5 24. Qd2 Kg7 25. Rxe4 Rxe4 26. Re1 Rxe1+ 27. Qxe1
a5 28. Qd1 b5 29. Kf1 h6 30. Ne1 Qe4 31. Nc2 f5 32. Ne3 b4 33. cxb4 axb4 34.
Nc2 h5 35. Qe2 Kf6 36. f3 Qxe2+ 37. Kxe2 f4 38. Kf2 Kf5 39. Ke2 g5 40. Kf2 g4
41. Ke2 Kg5 42. Kf2 Kh4 43. Kf1 gxf3 44. gxf3 Na5 45. Nxb4 Nxb3 46. Nxd5 Nxd4
47. Nxf4 Nxf3 48. Nxh5 Nxh2+ 1/2-1/2

[Event "Olomoucke sachove leto Open Olomouc"]
[Site "Olomouc"]
[Date "2015.08.16"]
[Round "2.8"]
[White "Shilov, Sergey"]
[Black "Stehlik, Jiri"]
[Result "1-0"]
[WhiteElo "2171"]
[BlackElo "1979"]
[PlyCount "137"]
[EventDate "2015.08.15"]

1. e4 d6 2. d4 Nf6 3. Nc3 g6 4. Bg5 Bg7 5. Qd2 h6 6. Be3 Ng4 7. Bf4 e5 8. dxe5
Nxe5 9. Nf3 Nbc6 10. Nxe5 Nxe5 11. Be3 g5 12. Be2 Be6 13. O-O-O Nc4 14. Bxc4
Bxc4 15. Bd4 Be5 16. Bxe5 dxe5 17. Nd5 Bxd5 18. Qxd5 Qxd5 19. Rxd5 f6 20. Rhd1
Rh7 21. R1d3 h5 22. Kd2 a5 23. a4 Re7 24. Ke2 Kf7 25. Rd8 Ra6 26. b3 Rae6 27.
Ra8 b6 28. Rh8 Kg6 29. Rdd8 Rc6 30. Kd3 Rg7 31. Rd5 g4 32. g3 Rh7 33. Rxh7 Kxh7
34. c4 Rc5 35. Rd7+ Kg6 36. Ke3 Rc6 37. f4 gxf3 38. Kxf3 f5 39. exf5+ Kxf5 40.
Rf7+ Kg6 41. Re7 Kf6 42. Rh7 Kg6 43. Rd7 Kf5 44. Ke3 Rc5 45. h3 Rc6 46. Rf7+
Kg6 47. Rf3 Re6 48. Ke4 Re8 49. Rd3 Kf6 50. Rf3+ Kg6 51. h4 Re7 52. Rf5 Rd7 53.
Rxe5 Rd1 54. Re6+ Kf7 55. Rc6 Rd7 56. Rh6 Re7+ 57. Kf4 Re1 58. Rxh5 Rf1+ 59.
Kg4 Rb1 60. Rb5 Rd1 61. Kg5 Rd6 62. h5 c5 63. g4 Rf6 64. b4 cxb4 65. c5 bxc5
66. Rb7+ Ke6 67. Rb6+ Ke5 68. Rxf6 b3 69. h6 1-0